LIBRARY & INFORMATION CENTRE, KCAET, TAVANUR

ONLINE PUBLIC ACCESS CATALOGUE (OPAC)

Common Errors in English: Their casues, Prevention and care / (Record no. 12397)

MARC details
000 -LEADER
fixed length control field 00451cam a2200169ua 4500
041 ## - LANGUAGE CODE
Language code of text/sound track or separate title eng
082 ## - DEWEY DECIMAL CLASSIFICATION NUMBER
Classification number 425
Item number FRE/CO
100 ## - MAIN ENTRY--AUTHOR NAME
Personal name French, F.G .
245 ## - TITLE STATEMENT
Title Common Errors in English: Their casues, Prevention and care /
260 ## - PUBLICATION, DISTRIBUTION, ETC. (IMPRINT)
Place of publication Mumbai :
Name of publisher Oxford & IBH Book Company ,
Year of publication 1961.
300 ## - PHYSICAL DESCRIPTION
Number of Pages 131 ; .
942 ## - ADDED ENTRY ELEMENTS (KOHA)
Koha item type Books
Holdings
Withdrawn status Lost status Damaged status Home library Current library Date acquired Full call number Accession Number Koha item type Cost, normal purchase price
Withdrawn     Sanskrit University KAUAET 07/04/2012 425 6594 A Books 7.60
Withdrawn     KAUAET Malayalam University 07/04/2012 425 3146 Books  
Withdrawn     KAUAET Sanskrit University 07/04/2012 425 5264 Books  
free website counter